Bienvenue au Catalogue en Ligne des Bibliothèques de l'Universite du Burundi

An assessment of the teachingtechniques used to teach english to public primary school in Bubanza province (Record no. 21571)

000 -GUIDE
Champ de contrôle de longueur fixe 01247nam a22002657a 4500
003 - IDENTITÉ DU NUMÉRO DE CONTRÔLE
Champ de contrôle BI-BuBU
008 - ÉLÉMENTS DE LONGUEUR FIXE - RENSEIGNEMENTS GÉNÉRAUX
Champ de contrôle de longueur fixe 131218t2009 bd ||||dr|||| 000 0 fre d
037 ## - SOURCE D'ACQUISITION
Source d'acquisition et du numéro d'inventaire Don de l' auteur
039 ## - NIVEAU DE CONTRÔLE BIBLIOGRAPHIQUE ET HISTORIQUE D'ENCODAGE [OBSOLETE]
Date creation 20131218095316.0
Nom catalographe Marie goretti Ndayizeye
040 ## - SOURCE DU CATALOGAGE
Organisme qui a effectué le catalogage original BI-BuBU
Code de la langue utilisée dans le catalogage fre
Organisme qui a effectué la transcription BI-BuBU
041 0# - CODE DE LANGUE
Code de langue du texte/de la piste sonore ou du titre distinct fre
080 ## - INDICE DE LA CLASSIFICATION DÉCIMALE UNIVERSELLE (CDU)
Indice de la Classification décimale universelle 373.3
100 1# - VEDETTE PRINCIPALE - NOM DE PERSONNE
Code de relation aut
Nom de personne Kigeme, Claudine
245 13 - MENTION DU TITRE
Titre An assessment of the teachingtechniques used to teach english to public primary school in Bubanza province
Mention de responsabilité, etc. Claudine Kigeme; Gaspard Muhitira, directeur
260 ## - PUBLICATION, DIFFUSION, ETC. (ADRESSE BIBLIOGRAPHIQUE)
Lieu de publication, diffusion, etc. Bujumbura
Nom de l'éditeur, diffuseur, etc. University of Burundi, Institute for Applied Pedagogy
Date of publication, distribution, etc 2009
300 ## - DESCRIPTION MATÉRIELLE
Collation 67 f.
Dimensions 30 cm.
500 ## - NOTE GÉNÉRALE
Note générale A dissertation submitted in partial fulfilment of the requirements for the award of the degree" Licenciée en Pédagogie Appliquée, Agrégée de l' enseignement secondaire en Anglais"
650 #7 - VEDETTE-MATIÈRE - NOM COMMUN
Source du terme BI-BuBU
Vedette de sujet ou vedette comportant un nom géographique Anglais (langue)
Subdivision générale Enseignement primaire
9 (RLIN) 83044
655 #7 - TERME D'INDEXATION - GENRE OU FORME
Source du terme BI-BuBU
Données ou terme dominant sur le genre ou la forme Mémoire
9 (RLIN) 83045
700 1# - VEDETTE SECONDAIRE - NOM DE PERSONNE
Code de relation drt
Nom d'auteur Muhitira, Gaspard
9 (RLIN) 83046
710 ## - VEDETTE SECONDAIRE - NOM DE COLLECTIVITÉ
Nom de la collectivité ou nom de lieu comme élément de classement Université du Burundi
Collectivité subordonnée Institut de Pédagogie Appliquée
9 (RLIN) 83047
942 ## - ÉLÉMENTS D'ENTRÉE ADDITIONNELLE (KOHA)
Source de la classification ou du système de rangement
Type d item koha Memoire
Holdings
Statut de retrait Statut de perte Source de la classification ou du système de rangement Statut de déterioration Exclu du prêt Numéro d item Koha Localisation permanente Localisation actuelle Date d'acquisition Source d'acquisition Nombre de prêts Cote Code-barres Date last seen Numéro d'exemplaire Prix en vigueur à partir du Type d item koha
        Not For Loan 33715 Bibliothèque Centrale Bibliothèque Centrale 18/12/2013 Don de l' auteur   373.3 KIG. 5010000230517 18/12/2013 1 18/12/2013 Memoire
© 2019-2026 - Bibliothèques de l'Université du Burundi |Tous droits réservés
home | Pour toute information urgente Contactez nous | tel whatsupp: +25779204313